Plant : (Record no. 9941)

MARC details
000 -LEADER
fixed length control field 01127nam a22003257a 4500
001 - CONTROL NUMBER
control field 9941
003 - CONTROL NUMBER IDENTIFIER
control field FISKH
005 - DATE AND TIME OF LATEST TRANSACTION
control field 20260318144238.0
008 - FIXED-LENGTH DATA ELEMENTS--GENERAL INFORMATION
fixed length control field 260318b cb ||||| |||| 00| 0 eng d
020 ## - INTERNATIONAL STANDARD BOOK NUMBER
International Standard Book Number 079808822527
040 ## - CATALOGING SOURCE
Original cataloging agency FISKH
Language of cataloging eng
Transcribing agency FISKH
Modifying agency FISKH
050 ## - LIBRARY OF CONGRESS CALL NUMBER
Classification number QK49 .B93
082 ## - DEWEY DECIMAL CLASSIFICATION NUMBER
Classification number 581
100 ## - MAIN ENTRY--PERSONAL NAME
Personal name Burnie , David
245 ## - TITLE STATEMENT
Title Plant :
Remainder of title Discover the world of plants in close-up-their structure , natural history , and importance in human life /
Statement of responsibility, etc. Written by David Burnie
250 ## - EDITION STATEMENT
Edition statement First American edition , 1989
260 ## - PUBLICATION, DISTRIBUTION, ETC.
Place of publication, distribution, etc. New York :
Name of publisher, distributor, etc. Alfred A. Knope ,
Date of publication, distribution, etc. 1989 .
300 ## - PHYSICAL DESCRIPTION
Extent 63 pages :
Other physical details color illustrations ;
Dimensions 28 cm .
490 ## - SERIES STATEMENT
Series statement DK Eyewitness Guides
505 ## - FORMATTED CONTENTS NOTE
Formatted contents note Z <br/>
520 ## - SUMMARY, ETC.
Summary, etc. A photo essay introduces the world of plants, including the germination of seeds, plant defenses, and uses of plants.
521 8# - TARGET AUDIENCE NOTE
Target audience note 1000 <br/>
Source Lexile <br/>
521 8# - TARGET AUDIENCE NOTE
Target audience note Z <br/>
Source Raz-Plus <br/>
650 ## - SUBJECT ADDED ENTRY--TOPICAL TERM
Topical term or geographic name entry element Plants
Form subdivision Juvenile Literature
700 ## - ADDED ENTRY--PERSONAL NAME
Personal name McRobb , Andrew
Relator term Illustrator
700 ## - ADDED ENTRY--PERSONAL NAME
Personal name Shone, Karl
Relator term Illustrator
700 ## - ADDED ENTRY--PERSONAL NAME
Personal name King , Dave
Relator term Illustrator
942 ## - ADDED ENTRY ELEMENTS (KOHA)
Source of classification or shelving scheme Dewey Decimal Classification
Koha item type Books
Suppress in OPAC No
Holdings
Withdrawn status Lost status Source of classification or shelving scheme Damaged status Not for loan Collection Home library Current library Shelving location Date acquired Total Checkouts Full call number Barcode Date last seen Price effective from Koha item type
    Dewey Decimal Classification     Non-Fiction Footprints International School Library Network Toul Tom Poung Campus Footprints International School Library Network Toul Tom Poung Campus TTP Secondary Non-Fiction Bookshelves 03/18/2026   BUR 581 QK49 .B93 2026-0339 03/18/2026 03/18/2026 Books